• 首页
  • 本馆介绍
  • 公告通知
  • 最新文献
  • 馆藏检索
  • 电子资源
  • 读者导购
  • 参考咨询
  • 我的图书馆
  • 登录
  • 详细信息显示
  • 放入我的书架
  • 预约/预借图书
  • 作者相关作品
  • 分类相关作品
  • 丛书相关作品
  • 出版社相关作品

书目信息

  • 表格格式
  • 工作单格式
  • 卡片格式
题名:
晶体管音频与高频电路选编
    
 
作者: ;《晶体管音频与高频电路选编》三结合编译小组 编译
分册:  
出版信息: 北京   人民邮电出版社  1977
页数: 174页
开本: 19cm
丛书名:
单 册:
中图分类: TN32
科图分类:
主题词: 晶体管电路 , 晶体管
电子资源:
ISBN:
000 00858nam0 2200229 45
001 0177003084
005 20060426141803.93
010    @dCNY0.47
100    @a19951018d1977 em y0chiy0121 ea
101 0  @achi
102    @aCN@b110000
105    @ay z 000yy
200 10 @a晶体管音频与高频电路选编@Ajing ti guan yin pin yu gao pin dian lu xuan bian@f《晶体管音频与高频电路选编》三结合编译小组编译@F《jing ti guan yin pin yu gao pin dian lu xuan bian》san jie he bian yi xiao zu bian yi
210    @a北京@c人民邮电出版社@d1977
215    @a174页@d19cm
606    @a晶体管电路
606 0  @a晶体管
690    @aTN32@v4
711  0 @a《晶体管音频与高频电路选编》三结合编译小组@A《jing ti guan yin pin yu gao pin dian lu xuan bian》san jie he bian yi xiao zu@4编译
801  2 @aCN@bNLC@c20060426
801  0 @aCN@b广东省中山图书馆@c20040519
905    @dTN32@e8
    
    晶体管音频与高频电路选编/《晶体管音频与高频电路选编》三结合编译小组编译.-北京:人民邮电出版社,1977
    174页;19cm
    
    
    ISBN :CNY0.47
    
●
相关链接 在E读中查询图书 在五车中查询图书 在当当中查询图书 在豆瓣中查询图书


正题名:晶体管音频与高频电路选编     索取号:TN32/8         预约/预借

序号 登录号 条形码 馆藏地/架位号 状态 备注
1 0058155   202289790   密集书库/ [索取号:TN32/8] 在馆    
2 0058156   001352645   第三借阅区/ [索取号:TN32/8] 在馆    
唐山师范学院图书馆 欢迎您!
大连网信软件有限公司© 版权所有